Statistics for South Park: Dreidel - Lyrics

Click here to take the quiz!

General Stats

  • This quiz has been taken 89 times
    (79 since last reset)
  • The average score is 106 of 140

Answer Stats

HintAnswer% Correct
dreidel
100%
Kyles verseI
100%
clay
97%
out
97%
made
95%
of
95%
play
94%
a
92%
you
92%
it
89%
have
88%
little
86%
shall
86%
with
86%
and
82%
that
80%
oh
79%
Jews
77%
that's
77%
stupid
76%
the
76%
when
76%
dry
74%
it's
74%
ready
74%
gay
73%
to
73%
games
71%
lame
71%
spin
71%
they're
71%
why
71%
make
70%
fuckin'
68%
but
67%
i'll
67%
stans verseI'll
67%
try
67%
again
65%
cause
65%
fell
65%
Cartmans verseHere's
65%
not
65%
dreidel's
64%
gonna
64%
i'm
64%
small
62%
love
61%
hot
59%
so
59%
you're
56%
Cox
55%
show
53%
in
50%
know
48%
our
48%
win
48%
always
47%
people
47%
you'll
45%
learn
44%
sheilas verseNow
41%
Geralds verseCourteney
32%
spinning
32%
keep
30%

Score Distribution

Percentile by Number Answered

Percent of People with Each Score

Your Score History

You have not taken this quiz since the last reset